000
00267nam a2200109Ia 4500
008
190216s9999||||xx |||||||||||||| ||und||
100
_a
Acharya B Lohni
245
0
_a
Hindi-Bharathiya Loka Sanskrit And Lokotsav
260
_b
Agrahayav
650
_a
Hindi
942
_c
BK
999
_c
15547
_d
15547